Regioni dei Paesi Europei #10.1 - Statistics

Statistiche generali
  • Questo quiz è stato fatto 9 volte
  • Il punteggio medio è 3 su 101
Statistiche sulle risposte
Dipartimenti Francesi % Corretto
973 Guyana Francese
63%
972 Martinica
50%
971 Guadalupe
38%
75 Parigi
38%
42 Loira
25%
976 Mayotte
25%
974 Riunione
25%
18 Cher
13%
30 Gard
13%
33 Gironda
13%
59 Nord
13%
69 Rodano
13%
73 Savoia
13%
1 Ain
0%
2 Ainse
0%
3 Allier
0%
4 Alpi dell'Alta Provenza
0%
6 Alpi Marittime
0%
2B Alta Corsica
0%
31 Alta Garonna
0%
43 Alta Loira
0%
52 Alta Marna
0%
70 Alta Saona
0%
74 Alta Savoia
0%
87 Alta Vienne
0%
5 Alte Alpi
0%
65 Alti Pirenei
0%
68 Alto Reno
0%
7 Ardèche
0%
8 Ardenne
0%
9 Ariège
0%
10 Aube
0%
11 Aude
0%
12 Aveyron
0%
67 Basso Reno
0%
13 Bocche del Rodano
0%
14 Calvados
0%
15 Cantal
0%
16 Charente
0%
17 Charente Marittima
0%
19 Corrèze
0%
2A Corsica del Sud
0%
21 Côte-d'Or
0%
22 Côtes-d'Armor
0%
23 Creuse
0%
79 Deux-Sèvres
0%
27 Eure
0%
24 Dordogna
0%
25 Doubs
0%
26 Drôme
0%
91 Essonne
0%
28 Eure-et-Loir
0%
29 Finistère
0%
32 Gers
0%
39 Giura
0%
92 Hauts-de-Seine
0%
34 Hérault
0%
35 Ille-et-Vilane
0%
36 Indre
0%
37 Indre-et-Loire
0%
38 Isère
0%
40 Landes
0%
44 Loira Atlantica
0%
45 Loiret
0%
41 Loir-et-Cher
0%
46 Lot
0%
47 Lot e Garonna
0%
48 Lozère
0%
49 Maine e Loira
0%
50 Manica
0%
51 Marna
0%
53 Mayenne
0%
54 Meurthe e Mosella
0%
56 Morbihan
0%
55 Mosa
0%
57 Mosella
0%
58 Nièvre
0%
60 Oise
0%
61 Orne
0%
62 Passo di Calais
0%
64 Pirenei Atlantici
0%
66 Pirenei Orientali
0%
63 Puy-de-Dôme
0%
71 Saona e Loira
0%
72 Sarthe
0%
77 Senna e Marna
0%
76 Senna Marittima
0%
93 Senna-Saint-Denis
0%
80 Somme
0%
81 Tarn
0%
82 Tarn e Garonna
0%
90 Territorio di Belfort
0%
95 Val-d'Oise
0%
94 Valle della Marna
0%
85 Vandea
0%
83 Varo
0%
84 Vaucluse
0%
86 Vienne
0%
88 Vosgi
0%
89 Yonne
0%
78 Yvelines
0%
Nessun quiz corrispondente trovato
Distribuzione punteggi
Percentuale di utenti per punteggio
Percentile per numero di risposta
I tuoi punteggi nel tempo
Non hai fatto questo quiz